zpět

Detail výsledku týmu

Na Kovárně, Nový Hrádek

Datum a čas kvízu

16.5 Celkem bodů Celkový počet nahraných bodů na tomto kvízu bez doplňovacích otázek.
5. Pořadí na kvízu Konečné umístění týmu na tomto kvízu.

Zaznamenané odpovědi

# Otázka Odpověď Body Výsledky
1. Portréty prvních dam jsou oblí... o Livii Klausové 1
2. Britské bankovky budou mít nov... C 0
3. Tento muž bude reprezentovat Č... Daniel Žižka 0
4. Která společnost patřící do na... Orlen Unipetrol 0
5. Kazachstánský tenista Alexandr... rukojetí rakety 1
6. Nejrozšířenějším „národním spo... D 1
7. Za národní sport lze považovat... národní házená (česká házená) 1
8. Některé země mají svůj národní... lakros 0
9. U uzákoněných národních sportů... polo; basketbal 0
10. I medailové úspěchy z olympijs... D 0